000 00692nam a22002177a 4500
005 20250808154910.0
008 250808b |||||||| |||| 00| 0 eng d
020 _a978-1-138-65595-9 (hbk)
037 _cREF
040 _aCRL
_cCRL
041 _2eng
_aeng
084 _aW:(Y).4g Q8
_qCRL
245 _aRoutledge handbook of civil society in asia
260 _aLondon, UK:
_bRoutledge,
_c2018.
300 _axxiii,552p.
365 _b 165.00
_cUKP
650 _2SOCIOLOGY
700 _aOgawa, Akihiro
_eEditor
_9675236
942 _2CC
_cREF
_hW:(Y).4g Q8
_n0
999 _c1434638
_d1434638